[Event "Russian Blitz Championship (m)"]
[Site "Sochi"]
[Date "2022.10.14"]
[Round "10.12"]
[White "Kryakvin, Dmitry"]
[Black "Tomashevsky, Evgeny"]
[Result "0-1"]
[BlackElo "2695"]
[WhiteElo "2436"]
[LiveChessVersion "1.4.8"]

1. d4 {[%clk 0:03:02]} Nf6 {[%clk 0:03:03]} 2. Bg5 {[%clk 0:03:03]} d5
{[%clk 0:03:02]} 3. e3 {[%clk 0:03:03]} g6 {[%clk 0:02:52]} 4. Nd2
{[%clk 0:02:54]} Bg7 {[%clk 0:02:51]} 5. Ngf3 {[%clk 0:02:54]} O-O
{[%clk 0:02:50]} 6. Be2 {[%clk 0:02:54]} c5 {[%clk 0:02:47]} 7. c3
{[%clk 0:02:52]} b6 {[%clk 0:02:45]} 8. O-O {[%clk 0:02:49]} Nc6 {[%clk 0:02:45]}
9. h3 {[%clk 0:02:12]} Bb7 {[%clk 0:02:46]} 10. a4 {[%clk 0:02:14]} Rc8
{[%clk 0:02:41]} 11. Re1 {[%clk 0:02:09]} e6 {[%clk 0:02:31]} 12. Ne5
{[%clk 0:02:05]} Qc7 {[%clk 0:02:32]} 13. Bf4 {[%clk 0:02:00]} Qe7
{[%clk 0:02:27]} 14. Nxc6 {[%clk 0:01:51]} Bxc6 {[%clk 0:02:28]} 15. a5
{[%clk 0:01:47]} b5 {[%clk 0:02:26]} 16. a6 {[%clk 0:01:25]} c4 {[%clk 0:02:26]}
17. Bf3 {[%clk 0:01:05]} Ne4 {[%clk 0:02:22]} 18. Qc2 {[%clk 0:00:59]} f5
{[%clk 0:02:10]} 19. Be5 {[%clk 0:00:34]} Bxe5 {[%clk 0:01:58]} 20. dxe5
{[%clk 0:00:35]} Qg7 {[%clk 0:01:54]} 21. Bxe4 {[%clk 0:00:34]} dxe4
{[%clk 0:01:55]} 22. Red1 {[%clk 0:00:27]} Rfd8 {[%clk 0:01:54]} 23. Nf1
{[%clk 0:00:25]} Rd3 {[%clk 0:01:54]} 24. Ng3 {[%clk 0:00:21]} Qxe5
{[%clk 0:01:53]} 25. Ne2 {[%clk 0:00:23]} Qd6 {[%clk 0:01:48]} 26. Nf4
{[%clk 0:00:22]} e5 {[%clk 0:01:36]} 27. Nxd3 {[%clk 0:00:23]} exd3
{[%clk 0:01:37]} 28. Qd2 {[%clk 0:00:24]} Kf7 {[%clk 0:01:35]} 29. f3
{[%clk 0:00:25]} Ke7 {[%clk 0:01:26]} 30. Qf2 {[%clk 0:00:26]} Qd7
{[%clk 0:01:09]} 31. e4 {[%clk 0:00:24]} f4 {[%clk 0:01:08]} 32. Rd2
{[%clk 0:00:15]} g5 {[%clk 0:01:07]} 33. Kh2 {[%clk 0:00:14]} Kf6 34. b3 b4
{[%clk 0:00:28]} 35. Rc1 {[%clk 0:00:14]} Bb5 {[%clk 0:00:15]} 36. bxc4
{[%clk 0:00:10]} Rxc4 {[%clk 0:00:17]} 37. Rcd1 {[%clk 0:00:07]} Rxc3
{[%clk 0:00:18]} 38. Rb1 {[%clk 0:00:08]} b3 {[%clk 0:00:19]} 39. Rdb2 Bc4
{[%clk 0:00:18]} 40. Qe1 {[%clk 0:00:06]} Rc2 {[%clk 0:00:18]} 41. Qb4
{[%clk 0:00:07]} Bf7 {[%clk 0:00:17]} 42. Qb8 {[%clk 0:00:06]} d2
{[%clk 0:00:16]} 43. Qh8+ {[%clk 0:00:03]} Kg6 {[%clk 0:00:17]} 44. Qb8
{[%clk 0:00:04]} Rxb2 {[%clk 0:00:18]} 45. Rxb2 {[%clk 0:00:05]} d1=Q
{[%clk 0:00:17]} 0-1

[Event "Russian Blitz Championship (m)"]
[Site "Sochi"]
[Date "2022.10.14"]
[Round "10.13"]
[White "Demidov, Mikhail"]
[Black "Rozum, Ivan"]
[Result "1-0"]
[BlackElo "2428"]
[WhiteElo "2520"]
[LiveChessVersion "1.4.8"]

1. Nf3 {[%clk 0:03:00]} Nf6 {[%clk 0:03:02]} 2. g3 {[%clk 0:03:01]} b6
{[%clk 0:03:02]} 3. Bg2 {[%clk 0:03:02]} Bb7 {[%clk 0:03:03]} 4. O-O
{[%clk 0:03:02]} g6 {[%clk 0:03:02]} 5. b3 {[%clk 0:02:54]} Bg7 {[%clk 0:03:03]}
6. Bb2 {[%clk 0:02:56]} O-O {[%clk 0:03:03]} 7. c4 {[%clk 0:02:56]} c5
{[%clk 0:03:03]} 8. Nc3 {[%clk 0:02:57]} d6 {[%clk 0:02:50]} 9. d4
{[%clk 0:02:57]} Ne4 {[%clk 0:02:42]} 10. Rc1 {[%clk 0:02:25]} Nd7
{[%clk 0:02:28]} 11. d5 {[%clk 0:02:23]} Nxc3 {[%clk 0:02:27]} 12. Bxc3
{[%clk 0:02:24]} Bxc3 {[%clk 0:02:14]} 13. Rxc3 {[%clk 0:02:25]} Nf6
{[%clk 0:02:14]} 14. Re1 {[%clk 0:02:23]} e5 {[%clk 0:02:04]} 15. Nd2
{[%clk 0:01:37]} Qe7 {[%clk 0:01:53]} 16. e4 {[%clk 0:01:35]} Rae8
{[%clk 0:01:51]} 17. a3 {[%clk 0:01:35]} Bc8 {[%clk 0:01:50]} 18. b4
{[%clk 0:01:35]} Bd7 {[%clk 0:01:37]} 19. bxc5 {[%clk 0:01:18]} bxc5
{[%clk 0:01:38]} 20. Qc2 {[%clk 0:01:12]} Rb8 {[%clk 0:01:38]} 21. Rb1
{[%clk 0:01:13]} Rfc8 {[%clk 0:00:54]} 22. Rcb3 {[%clk 0:01:03]} Qd8
{[%clk 0:00:48]} 23. Qb2 {[%clk 0:00:57]} Rxb3 {[%clk 0:00:49]} 24. Qxb3
{[%clk 0:00:58]} Qa5 {[%clk 0:00:46]} 25. Nf1 {[%clk 0:00:51]} Kg7
{[%clk 0:00:45]} 26. h3 {[%clk 0:00:52]} Ba4 {[%clk 0:00:30]} 27. Qb2
{[%clk 0:00:51]} Nd7 {[%clk 0:00:30]} 28. Qc1 {[%clk 0:00:35]} Rb8
{[%clk 0:00:28]} 29. Rxb8 {[%clk 0:00:28]} Nxb8 {[%clk 0:00:29]} 30. Qb2
{[%clk 0:00:29]} Qb6 {[%clk 0:00:22]} 31. Qc3 {[%clk 0:00:24]} Nd7
{[%clk 0:00:21]} 32. Ne3 {[%clk 0:00:24]} Qb3 {[%clk 0:00:15]} 33. Qa5
{[%clk 0:00:22]} Qxa3 {[%clk 0:00:13]} 34. Qxa7 {[%clk 0:00:20]} Nf6
{[%clk 0:00:13]} 35. Qe7 {[%clk 0:00:11]} Qc1+ {[%clk 0:00:14]} 36. Kh2
{[%clk 0:00:08]} Qd2 {[%clk 0:00:13]} 37. Qxd6 {[%clk 0:00:07]} Qxf2
{[%clk 0:00:13]} 38. Qxc5 {[%clk 0:00:07]} Nxe4 {[%clk 0:00:13]} 39. Qa7
{[%clk 0:00:04]} Qxg3+ {[%clk 0:00:14]} 40. Kg1 {[%clk 0:00:04]} Qf2+
{[%clk 0:00:11]} 41. Kh1 {[%clk 0:00:05]} Bd1 {[%clk 0:00:07]} 42. Bxe4
{[%clk 0:00:06]} Bf3+ {[%clk 0:00:06]} 43. Bxf3 {[%clk 0:00:06]} Qxf3+
{[%clk 0:00:07]} 44. Kg1 {[%clk 0:00:07]} Qxh3 {[%clk 0:00:04]} 45. Kf2
{[%clk 0:00:06]} Qh4+ {[%clk 0:00:05]} 46. Ke2 {[%clk 0:00:07]} Qe4
{[%clk 0:00:05]} 47. d6 {[%clk 0:00:06]} h5 {[%clk 0:00:05]} 48. d7
{[%clk 0:00:07]} 1-0

[Event "Russian Blitz Championship (m)"]
[Site "Sochi"]
[Date "2022.10.14"]
[Round "10.14"]
[White "Rodin, Dmitrij"]
[Black "Moiseenko, Vadim"]
[Result "0-1"]
[BlackElo "2492"]
[WhiteElo "2242"]
[LiveChessVersion "1.4.8"]

1. e4 {[%clk 0:03:02]} c5 {[%clk 0:03:03]} 2. Nf3 {[%clk 0:03:03]} d6
{[%clk 0:03:04]} 3. d4 {[%clk 0:03:04]} cxd4 {[%clk 0:03:05]} 4. Nxd4
{[%clk 0:03:05]} Nf6 {[%clk 0:03:06]} 5. Nc3 {[%clk 0:03:07]} Bd7
{[%clk 0:03:07]} 6. Bg5 {[%clk 0:03:05]} e6 {[%clk 0:03:08]} 7. Qd2
{[%clk 0:03:03]} h6 {[%clk 0:03:05]} 8. Bxf6 {[%clk 0:02:30]} Qxf6
{[%clk 0:03:05]} 9. Ndb5 {[%clk 0:02:13]} Bxb5 {[%clk 0:03:05]} 10. Bxb5+
{[%clk 0:02:11]} Nc6 {[%clk 0:03:06]} 11. O-O {[%clk 0:01:51]} Be7
{[%clk 0:03:07]} 12. Nd5 {[%clk 0:01:13]} exd5 {[%clk 0:02:37]} 13. exd5
{[%clk 0:01:14]} Rc8 {[%clk 0:01:52]} 14. dxc6 {[%clk 0:01:12]} bxc6
{[%clk 0:01:53]} 15. Bd3 {[%clk 0:01:10]} O-O {[%clk 0:01:46]} 16. Rfe1
{[%clk 0:01:03]} d5 {[%clk 0:01:45]} 17. Qe3 {[%clk 0:00:53]} Rc7
{[%clk 0:01:29]} 18. c3 {[%clk 0:00:35]} Bd6 {[%clk 0:01:24]} 19. g3
{[%clk 0:00:34]} Rb8 {[%clk 0:00:58]} 20. Qd2 {[%clk 0:00:31]} Bc5
{[%clk 0:00:53]} 21. Kg2 {[%clk 0:00:31]} a5 {[%clk 0:00:52]} 22. Re2
{[%clk 0:00:31]} Re7 {[%clk 0:00:46]} 23. Rae1 {[%clk 0:00:32]} Rxe2
{[%clk 0:00:46]} 24. Qxe2 {[%clk 0:00:33]} g6 {[%clk 0:00:40]} 25. Qd2
{[%clk 0:00:33]} Kg7 {[%clk 0:00:41]} 26. Re2 {[%clk 0:00:34]} h5
{[%clk 0:00:29]} 27. h3 {[%clk 0:00:35]} Bb6 {[%clk 0:00:28]} 28. b3
{[%clk 0:00:35]} a4 {[%clk 0:00:25]} 29. bxa4 {[%clk 0:00:34]} Ba5
{[%clk 0:00:26]} 30. Qd1 {[%clk 0:00:24]} Bxc3 {[%clk 0:00:24]} 31. Re3
{[%clk 0:00:23]} c5 {[%clk 0:00:10]} 32. Rf3 {[%clk 0:00:24]} Qe5
{[%clk 0:00:11]} 33. Bb5 {[%clk 0:00:18]} Rd8 {[%clk 0:00:07]} 34. Qc2
{[%clk 0:00:15]} Bd4 {[%clk 0:00:05]} 35. a5 {[%clk 0:00:16]} c4 {[%clk 0:00:05]}
36. a6 {[%clk 0:00:16]} Ba7 {[%clk 0:00:05]} 37. a4 {[%clk 0:00:17]} Rd6
{[%clk 0:00:06]} 38. Qc3 {[%clk 0:00:15]} Qxc3 {[%clk 0:00:06]} 39. Rxc3
{[%clk 0:00:17]} Kf6 {[%clk 0:00:07]} 40. Rf3+ {[%clk 0:00:17]} Ke6
{[%clk 0:00:08]} 41. a5 {[%clk 0:00:16]} f5 {[%clk 0:00:08]} 42. Kf1
{[%clk 0:00:17]} Ke5 {[%clk 0:00:08]} 43. Ke2 {[%clk 0:00:17]} Rd8
{[%clk 0:00:09]} 44. Bc6 {[%clk 0:00:16]} Kd6 {[%clk 0:00:09]} 45. Bb7
{[%clk 0:00:16]} Re8+ {[%clk 0:00:10]} 0-1

[Event "Russian Blitz Championship (m)"]
[Site "Sochi"]
[Date "2022.10.14"]
[Round "10.15"]
[White "Gontcharov, Vladislav"]
[Black "Makarian, Rudik"]
[Result "0-1"]
[BlackElo "2405"]
[WhiteElo "2488"]
[LiveChessVersion "1.4.8"]

1. d4 {[%clk 0:03:02]} Nf6 {[%clk 0:03:03]} 2. c4 {[%clk 0:03:03]} g6
{[%clk 0:03:04]} 3. Nc3 {[%clk 0:03:02]} Bg7 {[%clk 0:03:05]} 4. e4
{[%clk 0:03:02]} d6 {[%clk 0:03:06]} 5. Bg5 {[%clk 0:02:54]} h6 {[%clk 0:03:05]}
6. Be3 {[%clk 0:02:47]} Ng4 {[%clk 0:03:00]} 7. Bc1 {[%clk 0:02:47]} c5
{[%clk 0:02:46]} 8. d5 {[%clk 0:02:39]} Bxc3+ {[%clk 0:02:29]} 9. bxc3
{[%clk 0:02:40]} e5 {[%clk 0:02:29]} 10. h3 {[%clk 0:02:23]} Nf6 {[%clk 0:02:30]}
11. Bd3 {[%clk 0:02:23]} Qe7 {[%clk 0:02:23]} 12. a4 {[%clk 0:02:06]} a5
{[%clk 0:02:22]} 13. Rb1 {[%clk 0:02:02]} Nbd7 {[%clk 0:02:21]} 14. Be3
{[%clk 0:01:51]} Kd8 {[%clk 0:02:22]} 15. Ne2 {[%clk 0:01:44]} Kc7
{[%clk 0:02:22]} 16. O-O {[%clk 0:01:34]} b6 {[%clk 0:02:18]} 17. Qc1
{[%clk 0:01:28]} g5 {[%clk 0:02:15]} 18. Ng3 {[%clk 0:01:25]} Nf8
{[%clk 0:02:10]} 19. Be2 {[%clk 0:01:13]} Ng6 {[%clk 0:02:05]} 20. Qd1
{[%clk 0:01:08]} Nf4 {[%clk 0:02:03]} 21. Bg4 {[%clk 0:01:09]} Bxg4
{[%clk 0:01:24]} 22. hxg4 {[%clk 0:01:09]} h5 {[%clk 0:01:25]} 23. Qb3
{[%clk 0:00:47]} Rab8 {[%clk 0:01:09]} 24. Qb5 {[%clk 0:00:31]} Qd7
{[%clk 0:01:09]} 25. gxh5 {[%clk 0:00:29]} N6xh5 {[%clk 0:00:56]} 26. Qxd7+
{[%clk 0:00:29]} Kxd7 {[%clk 0:00:57]} 27. Rfe1 {[%clk 0:00:24]} Nf6
{[%clk 0:00:54]} 28. f3 {[%clk 0:00:19]} Kc7 {[%clk 0:00:54]} 29. Bxf4
{[%clk 0:00:18]} exf4 {[%clk 0:00:52]} 30. e5 {[%clk 0:00:07]} dxe5
{[%clk 0:00:49]} 31. Nf5 {[%clk 0:00:07]} Nd7 {[%clk 0:00:31]} 32. Kf2
{[%clk 0:00:06]} Rh2 {[%clk 0:00:26]} 33. Rh1 {[%clk 0:00:06]} Rbh8
{[%clk 0:00:27]} 34. Rxh2 {[%clk 0:00:07]} Rxh2 {[%clk 0:00:28]} 35. Re1
{[%clk 0:00:05]} f6 {[%clk 0:00:25]} 36. Rd1 {[%clk 0:00:05]} Rh8
{[%clk 0:00:24]} 37. Re1 {[%clk 0:00:06]} Nf8 {[%clk 0:00:20]} 38. Ne7
{[%clk 0:00:06]} Rh7 {[%clk 0:00:19]} 39. Nc6 {[%clk 0:00:07]} Kd6
{[%clk 0:00:17]} 40. Rb1 {[%clk 0:00:07]} Nd7 {[%clk 0:00:18]} 41. Rb2
{[%clk 0:00:08]} f5 {[%clk 0:00:18]} 42. Rb1 {[%clk 0:00:08]} e4 {[%clk 0:00:19]}
43. Re1 {[%clk 0:00:06]} e3+ {[%clk 0:00:19]} 44. Kg1 {[%clk 0:00:07]} g4
{[%clk 0:00:17]} 45. Rf1 {[%clk 0:00:06]} g3 {[%clk 0:00:11]} 46. Re1
{[%clk 0:00:07]} Rh6 {[%clk 0:00:11]} 47. Rd1 {[%clk 0:00:07]} Rh8
{[%clk 0:00:10]} 48. Re1 {[%clk 0:00:08]} Nf6 {[%clk 0:00:10]} 49. Rb1
{[%clk 0:00:08]} Kc7 {[%clk 0:00:09]} 50. Ne5 {[%clk 0:00:08]} Ne8
{[%clk 0:00:09]} 51. Nf7 {[%clk 0:00:06]} Rf8 {[%clk 0:00:08]} 52. d6+
{[%clk 0:00:07]} Nxd6 {[%clk 0:00:07]} 53. Nxd6 {[%clk 0:00:08]} Kxd6
{[%clk 0:00:08]} 54. Rxb6+ {[%clk 0:00:09]} Ke5 {[%clk 0:00:10]} 55. Kf1
{[%clk 0:00:08]} Rh8 {[%clk 0:00:11]} 56. Rc6 {[%clk 0:00:08]} Rh1+
{[%clk 0:00:12]} 57. Ke2 {[%clk 0:00:09]} Rg1 {[%clk 0:00:12]} 58. Rxc5+
{[%clk 0:00:10]} Kf6 {[%clk 0:00:13]} 59. Rc6+ {[%clk 0:00:11]} Kg5
{[%clk 0:00:15]} 60. Rc8 {[%clk 0:00:11]} Rxg2+ {[%clk 0:00:15]} 61. Ke1
{[%clk 0:00:07]} Rc2 {[%clk 0:00:16]} 62. c5 {[%clk 0:00:07]} g2 {[%clk 0:00:14]}
63. Rg8+ {[%clk 0:00:08]} Kf6 {[%clk 0:00:09]} 64. Kd1 {[%clk 0:00:09]} Rxc3
{[%clk 0:00:10]} 65. Rxg2 {[%clk 0:00:09]} Rxc5 {[%clk 0:00:11]} 66. Rb2
{[%clk 0:00:09]} Ke5 {[%clk 0:00:12]} 67. Ke2 {[%clk 0:00:09]} Kd4
{[%clk 0:00:12]} 68. Rb1 {[%clk 0:00:09]} Rc2+ {[%clk 0:00:13]} 69. Ke1
{[%clk 0:00:10]} Rf2 {[%clk 0:00:13]} 70. Rb5 {[%clk 0:00:11]} Rxf3
{[%clk 0:00:13]} 71. Rxf5 {[%clk 0:00:11]} Rf2 {[%clk 0:00:14]} 72. Rxa5
{[%clk 0:00:11]} f3 {[%clk 0:00:15]} 73. Ra8 {[%clk 0:00:07]} Ra2
{[%clk 0:00:15]} 0-1

[Event "Russian Blitz Championship (m)"]
[Site "Sochi"]
[Date "2022.10.14"]
[Round "10.16"]
[White "Triapishko, Alexandr"]
[Black "Lugovskoy, Maxim"]
[Result "1-0"]
[BlackElo "2394"]
[WhiteElo "2479"]
[LiveChessVersion "1.4.8"]

1. Nf3 {[%clk 0:03:02]} d5 {[%clk 0:03:03]} 2. g3 {[%clk 0:03:03]} Nf6
{[%clk 0:03:04]} 3. Bg2 {[%clk 0:03:04]} g6 {[%clk 0:03:04]} 4. b3
{[%clk 0:03:04]} Bg7 {[%clk 0:03:05]} 5. Bb2 {[%clk 0:03:05]} O-O
{[%clk 0:03:05]} 6. c4 {[%clk 0:03:05]} c5 {[%clk 0:03:04]} 7. cxd5
{[%clk 0:03:04]} Nxd5 {[%clk 0:03:04]} 8. Bxg7 {[%clk 0:03:04]} Kxg7
{[%clk 0:03:05]} 9. O-O {[%clk 0:02:53]} Nc6 {[%clk 0:03:06]} 10. d4
{[%clk 0:02:54]} cxd4 {[%clk 0:02:56]} 11. Nxd4 {[%clk 0:02:55]} Nxd4 12. Qxd4+
{[%clk 0:02:55]} Nf6 {[%clk 0:02:56]} 13. Qe5 {[%clk 0:02:56]} Qb6
{[%clk 0:02:27]} 14. Nc3 {[%clk 0:02:51]} Be6 {[%clk 0:02:06]} 15. Na4
{[%clk 0:02:50]} Qb4 {[%clk 0:01:33]} 16. Nc5 {[%clk 0:02:48]} Bd5
{[%clk 0:01:31]} 17. Qxe7 {[%clk 0:02:41]} Qb6 {[%clk 0:01:04]} 18. Bxd5
{[%clk 0:02:28]} Nxd5 {[%clk 0:01:05]} 19. Qe5+ {[%clk 0:02:29]} Nf6
{[%clk 0:01:06]} 20. Nd7 {[%clk 0:02:29]} Rae8 {[%clk 0:01:01]} 21. Qxe8
{[%clk 0:02:16]} Rxe8 {[%clk 0:00:59]} 22. Nxb6 {[%clk 0:02:16]} axb6
{[%clk 0:00:59]} 23. e3 {[%clk 0:02:17]} 1-0

[Event "Russian Blitz Championship (m)"]
[Site "Sochi"]
[Date "2022.10.14"]
[Round "10.17"]
[White "Turov, Maxim"]
[Black "Babanin, Gleb"]
[Result "1/2-1/2"]
[BlackElo "2346"]
[WhiteElo "2465"]
[LiveChessVersion "1.4.8"]

1. e4 {[%clk 0:03:03]} e5 {[%clk 0:03:03]} 2. Nf3 {[%clk 0:03:04]} Nc6
{[%clk 0:03:04]} 3. d4 {[%clk 0:03:05]} exd4 {[%clk 0:03:04]} 4. Bc4
{[%clk 0:03:06]} Nf6 {[%clk 0:03:03]} 5. e5 {[%clk 0:03:06]} d5 {[%clk 0:03:04]}
6. Bb5 {[%clk 0:03:07]} Nd7 {[%clk 0:02:57]} 7. O-O {[%clk 0:03:02]} Be7
{[%clk 0:02:45]} 8. Bxc6 {[%clk 0:02:57]} bxc6 {[%clk 0:02:45]} 9. Nxd4
{[%clk 0:02:58]} Nxe5 {[%clk 0:02:17]} 10. Re1 {[%clk 0:02:48]} Qd6
{[%clk 0:02:09]} 11. Bf4 {[%clk 0:01:46]} f6 {[%clk 0:02:10]} 12. Qh5+
{[%clk 0:01:07]} g6 {[%clk 0:02:11]} 13. Bxe5 {[%clk 0:01:06]} fxe5
{[%clk 0:02:12]} 14. Qxe5 {[%clk 0:01:06]} Qxe5 {[%clk 0:02:13]} 15. Rxe5
{[%clk 0:01:07]} Kf7 {[%clk 0:01:59]} 16. c3 {[%clk 0:00:33]} Bd6
{[%clk 0:01:53]} 17. Re3 {[%clk 0:00:32]} Bd7 {[%clk 0:01:53]} 18. Nd2
{[%clk 0:00:31]} c5 {[%clk 0:01:49]} 19. N4f3 {[%clk 0:00:30]} Rhe8
{[%clk 0:01:48]} 20. Rae1 {[%clk 0:00:29]} Rxe3 {[%clk 0:01:46]} 21. Rxe3
{[%clk 0:00:30]} Rb8 {[%clk 0:01:35]} 22. b3 {[%clk 0:00:29]} Re8
{[%clk 0:01:07]} 23. Rxe8 {[%clk 0:00:17]} Kxe8 {[%clk 0:01:08]} 24. Kf1
{[%clk 0:00:17]} Ke7 {[%clk 0:01:06]} 25. Ke2 {[%clk 0:00:16]} Kf6
{[%clk 0:01:08]} 26. Ke3 {[%clk 0:00:14]} g5 {[%clk 0:01:07]} 27. h3
{[%clk 0:00:15]} Bf4+ {[%clk 0:01:06]} 28. Ke2 {[%clk 0:00:16]} Bf5
{[%clk 0:01:02]} 29. Ne1 {[%clk 0:00:17]} Be5 {[%clk 0:00:56]} 30. c4
{[%clk 0:00:14]} c6 {[%clk 0:00:51]} 31. Nd3 {[%clk 0:00:14]} Bd6
{[%clk 0:00:50]} 32. Ke3 {[%clk 0:00:14]} h5 {[%clk 0:00:46]} 33. Ke2
{[%clk 0:00:16]} a5 {[%clk 0:00:41]} 34. Ke3 {[%clk 0:00:17]} Be6
{[%clk 0:00:37]} 35. Ke2 {[%clk 0:00:17]} a4 {[%clk 0:00:37]} 36. Ke3
{[%clk 0:00:14]} axb3 {[%clk 0:00:34]} 37. axb3 {[%clk 0:00:15]} Bf5
{[%clk 0:00:28]} 38. Ke2 {[%clk 0:00:16]} g4 {[%clk 0:00:22]} 39. hxg4
{[%clk 0:00:18]} hxg4 {[%clk 0:00:23]} 40. Nf1 {[%clk 0:00:19]} Be4
{[%clk 0:00:19]} 41. f3 {[%clk 0:00:19]} gxf3+ {[%clk 0:00:18]} 42. gxf3
{[%clk 0:00:20]} Bg6 {[%clk 0:00:19]} 43. Ne3 {[%clk 0:00:21]} Ke6
{[%clk 0:00:19]} 44. Ng2 {[%clk 0:00:22]} Bf7 {[%clk 0:00:16]} 45. Ngf4+
{[%clk 0:00:22]} Kd7 {[%clk 0:00:17]} 46. Ke3 {[%clk 0:00:23]} Kc7
{[%clk 0:00:17]} 47. Ke2 {[%clk 0:00:22]} Kb6 {[%clk 0:00:18]} 48. Ng2
{[%clk 0:00:23]} Ka5 {[%clk 0:00:19]} 49. Ne3 {[%clk 0:00:24]} Bg8
{[%clk 0:00:13]} 50. Nf5 {[%clk 0:00:25]} Bf8 {[%clk 0:00:13]} 51. Ne3
{[%clk 0:00:26]} Kb6 {[%clk 0:00:12]} 52. f4 {[%clk 0:00:27]} Bh6
{[%clk 0:00:11]} 53. f5 {[%clk 0:00:28]} Bxe3 {[%clk 0:00:07]} 54. Kxe3
{[%clk 0:00:28]} dxc4 {[%clk 0:00:08]} 55. bxc4 {[%clk 0:00:29]} Bxc4
{[%clk 0:00:09]} 56. Ne5 {[%clk 0:00:31]} Bd5 {[%clk 0:00:08]} 57. f6
{[%clk 0:00:32]} 1/2-1/2

[Event "Russian Blitz Championship (m)"]
[Site "Sochi"]
[Date "2022.10.14"]
[Round "10.18"]
[White "Smagin, Sergey"]
[Black "Dragomarezkij, Evgeni"]
[Result "0-1"]
[BlackElo "2283"]
[WhiteElo "2451"]
[LiveChessVersion "1.4.8"]

1. d4 {[%clk 0:03:03]} d5 {[%clk 0:03:03]} 2. Bf4 {[%clk 0:03:04]} c5
{[%clk 0:03:03]} 3. e3 {[%clk 0:02:57]} cxd4 {[%clk 0:03:03]} 4. exd4
{[%clk 0:02:58]} Nc6 {[%clk 0:03:04]} 5. c3 {[%clk 0:02:59]} Nf6 {[%clk 0:03:04]}
6. Nd2 {[%clk 0:02:56]} a6 {[%clk 0:03:03]} 7. Ngf3 {[%clk 0:02:56]} Bf5
{[%clk 0:03:03]} 8. Nh4 {[%clk 0:02:41]} Bg4 {[%clk 0:03:00]} 9. Qb3
{[%clk 0:02:35]} Qd7 {[%clk 0:02:49]} 10. Bd3 {[%clk 0:02:33]} e6
{[%clk 0:02:45]} 11. Nhf3 {[%clk 0:02:11]} Bh5 {[%clk 0:02:19]} 12. O-O
{[%clk 0:01:54]} Bg6 {[%clk 0:02:19]} 13. Bxg6 {[%clk 0:01:42]} hxg6
{[%clk 0:02:20]} 14. Ne5 {[%clk 0:01:39]} Qc8 {[%clk 0:02:13]} 15. Ndf3
{[%clk 0:01:31]} Be7 {[%clk 0:02:09]} 16. h3 {[%clk 0:01:25]} O-O
{[%clk 0:02:05]} 17. Rfe1 {[%clk 0:01:26]} Ne4 {[%clk 0:01:48]} 18. Nd3
{[%clk 0:01:22]} b5 {[%clk 0:01:39]} 19. Qd1 {[%clk 0:01:22]} b4 {[%clk 0:01:30]}
20. cxb4 {[%clk 0:01:10]} Nxb4 {[%clk 0:01:18]} 21. Rc1 {[%clk 0:01:08]} Qd8
{[%clk 0:01:19]} 22. Nxb4 {[%clk 0:01:01]} Bxb4 23. Re2 Rc8 {[%clk 0:01:14]} 24.
Rec2 {[%clk 0:01:00]} Rxc2 {[%clk 0:01:15]} 25. Qxc2 {[%clk 0:01:01]} Bd6
{[%clk 0:01:09]} 26. Be5 {[%clk 0:00:49]} Qb8 {[%clk 0:01:04]} 27. b3
{[%clk 0:00:39]} a5 {[%clk 0:00:54]} 28. Qc6 {[%clk 0:00:37]} Bxe5
{[%clk 0:00:52]} 29. Nxe5 {[%clk 0:00:38]} Qb4 {[%clk 0:00:52]} 30. Nf3
{[%clk 0:00:31]} Nd2 {[%clk 0:00:47]} 31. Nxd2 {[%clk 0:00:18]} Qxd2
{[%clk 0:00:47]} 32. Qc3 {[%clk 0:00:19]} Qxa2 33. Ra1 Qe2 {[%clk 0:00:46]} 34.
Rxa5 {[%clk 0:00:22]} Rb8 {[%clk 0:00:44]} 35. Ra1 {[%clk 0:00:18]} g5
{[%clk 0:00:41]} 36. Rb1 {[%clk 0:00:18]} g4 {[%clk 0:00:30]} 37. hxg4
{[%clk 0:00:19]} Qxg4 {[%clk 0:00:31]} 38. b4 {[%clk 0:00:20]} Qe4
{[%clk 0:00:32]} 39. Ra1 {[%clk 0:00:18]} Qe2 {[%clk 0:00:32]} 40. Rb1
{[%clk 0:00:17]} g6 {[%clk 0:00:23]} 41. Qb2 {[%clk 0:00:18]} Qb5
{[%clk 0:00:17]} 42. Qc3 {[%clk 0:00:19]} Kg7 {[%clk 0:00:17]} 43. g3
{[%clk 0:00:16]} Qe2 {[%clk 0:00:14]} 44. Qb2 {[%clk 0:00:17]} Qf3
{[%clk 0:00:14]} 45. Qb3 {[%clk 0:00:15]} Qe4 {[%clk 0:00:15]} 46. Rd1 Rh8 47. f3
Qe2 0-1

[Event "Russian Blitz Championship (m)"]
[Site "Sochi"]
[Date "2022.10.14"]
[Round "10.19"]
[White "Kezin, Roman"]
[Black "Truskavetsky, Alexandr"]
[Result "1-0"]
[BlackElo "2319"]
[WhiteElo "2503"]
[LiveChessVersion "1.4.8"]

1. d4 {[%clk 0:03:03]} f5 {[%clk 0:03:02]} 2. g3 {[%clk 0:02:54]} Nf6
{[%clk 0:03:03]} 3. Bg2 {[%clk 0:02:55]} g6 {[%clk 0:03:03]} 4. Nf3
{[%clk 0:02:56]} Bg7 {[%clk 0:03:04]} 5. O-O {[%clk 0:02:56]} O-O
{[%clk 0:03:04]} 6. c4 {[%clk 0:02:57]} d6 {[%clk 0:03:04]} 7. Nc3
{[%clk 0:02:58]} Qe8 {[%clk 0:02:39]} 8. Nd5 {[%clk 0:02:58]} Nxd5
{[%clk 0:02:36]} 9. cxd5 {[%clk 0:02:59]} Nd7 {[%clk 0:02:31]} 10. Qc2
{[%clk 0:03:01]} Nf6 {[%clk 0:02:15]} 11. Ng5 {[%clk 0:02:58]} h6
{[%clk 0:02:07]} 12. Ne6 {[%clk 0:02:59]} Bxe6 {[%clk 0:02:08]} 13. dxe6
{[%clk 0:02:59]} c6 {[%clk 0:02:09]} 14. Qb3 {[%clk 0:02:30]} Rb8
{[%clk 0:01:40]} 15. Rd1 {[%clk 0:02:10]} g5 {[%clk 0:01:38]} 16. d5
{[%clk 0:02:00]} cxd5 {[%clk 0:01:32]} 17. Bxd5 {[%clk 0:02:01]} Nxd5
{[%clk 0:01:31]} 18. Rxd5 {[%clk 0:01:56]} f4 {[%clk 0:01:26]} 19. Bd2
{[%clk 0:01:52]} Qg6 {[%clk 0:01:18]} 20. Ra5 {[%clk 0:00:39]} Bd4
{[%clk 0:01:02]} 21. Rf1 {[%clk 0:00:20]} Qe4 {[%clk 0:00:38]} 22. Qd5
{[%clk 0:00:20]} Qxd5 {[%clk 0:00:39]} 23. Rxd5 {[%clk 0:00:21]} Bxb2
{[%clk 0:00:34]} 24. Kg2 {[%clk 0:00:17]} a6 {[%clk 0:00:34]} 25. gxf4
{[%clk 0:00:14]} gxf4 {[%clk 0:00:35]} 26. Kf3 {[%clk 0:00:15]} Rf6
{[%clk 0:00:34]} 27. Rg1+ {[%clk 0:00:04]} Kh7 {[%clk 0:00:35]} 28. Ba5
{[%clk 0:00:03]} Rxe6 {[%clk 0:00:33]} 29. Rb1 {[%clk 0:00:03]} Be5
{[%clk 0:00:13]} 30. Bc7 {[%clk 0:00:05]} Rg8 {[%clk 0:00:12]} 31. Rxb7
{[%clk 0:00:06]} Rg7 {[%clk 0:00:11]} 32. Bd8 {[%clk 0:00:06]} Kg6
{[%clk 0:00:09]} 33. Ra5 {[%clk 0:00:06]} Kf6 {[%clk 0:00:08]} 34. Rxa6
{[%clk 0:00:07]} Bd4 {[%clk 0:00:06]} 35. Ra4 {[%clk 0:00:07]} Be5
{[%clk 0:00:05]} 36. Rc4 {[%clk 0:00:06]} Rg1 {[%clk 0:00:05]} 37. Ba5
{[%clk 0:00:06]} Ra1 {[%clk 0:00:04]} 38. a4 {[%clk 0:00:06]} Ra3+
{[%clk 0:00:05]} 39. Kg2 {[%clk 0:00:04]} Kf5 {[%clk 0:00:05]} 40. Kf1
{[%clk 0:00:03]} Ra1+ {[%clk 0:00:04]} 41. Be1 {[%clk 0:00:04]} f3 1-0